Normal view
MARC view
- تأليف إستيتية، سمير شريف
Entry Personal Name
001 - CONTROL NUMBER
- control field: 43269
003 - CONTROL NUMBER IDENTIFIER
- control field: JO-AjAnu
005 - DATE AND TIME OF LATEST TRANSACTION
- control field: 20230606081155.0
008 - FIXED-LENGTH DATA ELEMENTS
- fixed length control field: 230606|| aca||aabn | a|a d
040 ## - CATALOGING SOURCE
- Original cataloging agency: JO-AjAnu
- Transcribing agency: JO-AjAnu
100 ## - HEADING--PERSONAL NAME
- Personal name: تأليف إستيتية، سمير شريف
670 ## - SOURCE DATA FOUND
- Source citation: Work cat.: (JO-AjAnu)22158: تأليف إستيتية، سمير شريف, author, القراءات القرآنية: بين العربية والأصوات اللغوية منهج لساني معاصر